00491 2200181 4500001002100000005001500021035002000036007000300056008004100059020002200100082001000122084001600132100002100148245003700169260004000206300004300246650002000289INLIS00000000000039620221031010858 a0010-1022000138ta221031 1 ind  a978-602-252-217-1 a028.5 a028.5 ANI d0 aAnies Listyowati1 aDanis Kutuan /cAnies Listyowati aJakarta :bErlangga For Kids,c2013 a22 halaman :bilustrasi berwarna ;c24 4aSeri Anak Sehat